00491 a2200181 450000100060000002000180000604000240002410000210004824000290006924500240009830000070012236200090012944000120013865000310015094200070018195201040018899900170029270490 a9788516069445 cAnchieta - Itaigara aDreguer, Ricardo10aQuem ganhou o jogo?lpor10aQuem ganhou o jogo? a310 a2011 1aModerna 4aLiteratura infanto-juvenil cBK 00104070a88.1b88.1d2023-11-21l0o028.5 DRE QUEp3958/ITAr2023-11-21 20:05:32w2023-11-21yBK c70490d70490